00748nam a2200205 a 4500001001000000003000900010005001700019007000300036008004100039040003000080082001300110245009300123264011300216300002000329336002700349337003300376338002800409500007300437500003200510000027638DO-SdBNP20240722102037.0ta110404s1938 dr 000 0 spa d aDO-SdBNPbspacBNPHUerda 222bC41800aCertamen de la Trinitaria :bContribución de Santiago a la obra de la Independencia /. aSantiago de los Caballeros, República Dominicana :bSociedad Amante de la LuzbEditorial el Diario,c1938. avolumenc22 cm. 2rdacontentatextobtxt 2rdamediaasin mediaciónbn 2rdacarrieravolumenbnc aIncluye referencias bibliográficas y notas al pie de las páginas aLa biblioteca posee el v. 4